000 00503nam a2200181Ia 4500
999 _c27969
_d27969
003 OSt
005 20201222141640.0
008 190216s9999||||xx |||||||||||||| ||und||
020 _a9788171308859
040 _coclc
082 _a894.8128
_bJAY/M
100 _aJayakumar, K
_95677
245 0 _aM T : Kala Kalam Vyakthi /
_cK Jayakumar
260 _bDc Books ,
_aKottayam:
_c1998.
300 _a175p
650 _aPadanam
942 _cBK
_2ddc
_h894.8128
_iJAY/M
_k894.8128
_mJAY/M